Población y educación

Zapisane w:
Opis bibliograficzny
Format: Książka
Język:hiszpański
Wydane: Ciudad de México Pax-México 1973
Hasła przedmiotowe:
Etykiety: Dodaj etykietę
Nie ma etykietki, Dołącz pierwszą etykiete!

MARC

LEADER 00000nam a2200000 a 4500
001 UCW5139
003 CL-VaPUC
008 901206e19730000MX |||||||||||||||||spa|d
082 0 4 |a 306.43  |b POB  |2 21 
245 1 0 |a Población y educación 
300 |a 155 p 
942 |c BK 
945 |d 19901206 00:00:00 
260 |a Ciudad de México  |b Pax-México  |c 1973 
650 0 |a Sociología de la educación   |9 260380 
650 0 |a Congresos  |9 257560 
650 0 |a Educación para la vida familiar  |9 307821 
650 0 |a Demografía   |9 260008 
583 |a last modification  |c 19901206 00:00:00  |k Rodrigo Vera 
999 |c 218644  |d 218642 
952 |0 0  |1 0  |4 0  |6 306_430000000000000_POB_1973  |7 0  |8 P  |9 208508  |a BIBEDU  |b BIBEDU  |c BIBEDU_PB  |d 2019-11-15  |i 2764075  |o 306.43 POB 1973  |p 2764075  |r 2024-01-25  |w 2019-11-15  |y BK  |k EDU 
952 |0 0  |1 0  |4 0  |6 306_430000000000000_POB_1973  |7 0  |8 P  |9 208509  |a BIBEDU  |b BIBEDU  |c BIBEDU_PB  |d 2019-11-15  |i 1535919  |o 306.43 POB 1973  |p 1535919  |r 2024-01-25  |w 2019-11-15  |y BK  |k EDU